000 00369nam a2200145Ia 4500
008 150201s2008 xx 000 0 und d
082 _a618.92
_bC08M
100 _aMUKHERJEE, D.
245 _aCLINICAL METHODS A KEY TO DIAGNOSIS IN PEDIATRICS
250 _a1ST
260 _bJAYPEE BROTHERS
_aDELHI
_c2008
300 _a1-215
650 _aPAEDIATRICS
942 _2ddc
_cBK
_06
999 _c58
_d58